000 00647nam a2200241Ia 4500
003 OSt
005 20221007074221.0
006 a|||||r|||| 00| 0
007 ta
008 221006b |||||||| |||| 00| 0 eng d
024 _a15,173
037 _cTextual
040 _aFLL
_cFLL
_beng
041 _2eng
_aeng
082 _aX:95:Z73, J0
100 _aRiesenfeld
_9692719
245 0 _aModern social legislation
260 _aMinnesota
_bWest Publishing Company Minnesota
_c1950
300 _axxviii,911p
_ccm.
700 _a Maxwell
942 _hX:95:Z73, J0
_cTEXL
_2CC
999 _c1151568
_d1151568